Artículos científicos y médico-sociales / (Record no. 112576)

MARC details
000 -LEADER
campo de control de longitud fija 00779nam a2200205 i 4500
001 - NÚMERO DE CONTROL
campo de control 112576
003 - IDENTIFICADOR DE NÚMERO DE CONTROL
campo de control ES-MaACL
005 - FECHA Y HORA DE LA ÚLTIMA TRANSACCIÓN
campo de control 20251127164928.0
007 - CAMPO FIJO DE DESCRIPCIÓN FÍSICA--INFORMACIÓN GENERAL
campo de control de longitud fija t|
008 - DATOS DE LONGITUD FIJA--INFORMACIÓN GENERAL
campo de control de longitud fija 061121s1918 sp f |||| | spa d
100 1# - ENTRADA PRINCIPAL--NOMBRE DE PERSONA
Nombre de persona Muñoz Ruiz de Pasanis, Antonio.
9 (RLIN) 84494
245 10 - MENCIÓN DEL TÍTULO
Título Artículos científicos y médico-sociales /
Mención de responsabilidad, etc. del doctor D. Antonio Muñoz Ruiz de Pasanis ; escogidos , revisados y precedidos de un prólogo por el Dr. Calatraveño.
260 ## - PUBLICACIÓN, DISTRIBUCIÓN, ETC.
Lugar de publicación, distribución, etc. Madrid :
Nombre del editor, distribuidor, etc. Julio Cosano,
Fecha de publicación, distribución, etc. 1918.
300 ## - DESCRIPCIÓN FÍSICA
Extensión XV, 527 p. 1 lám. ;
Dimensiones 22 cm.
650 #4 - PUNTO DE ACCESO ADICIONAL DE MATERIA--TÉRMINO DE MATERIA
Término de materia o nombre geográfico como elemento de entrada Medicina-
Subdivisión de forma Misceláneas.
9 (RLIN) 170607
650 00 - PUNTO DE ACCESO ADICIONAL DE MATERIA--TÉRMINO DE MATERIA
Término de materia o nombre geográfico como elemento de entrada Ciencia-
Subdivisión general Aspectos sociales
9 (RLIN) 237698
700 1# - ENTRADA AGREGADA--NOMBRE PERSONAL
Nombre de persona Calatraveño y Valladares, Fernando,
Fechas asociadas al nombre 1851-1916
9 (RLIN) 126284
852 ## - LOCALIZACIÓN
Ubicación ES-MaACL
Número de control de estantería B-11411
Holdings
Estatus retirado Estado de pérdida Estado de daño No para préstamo Biblioteca de origen Biblioteca actual Ubicación en estantería Fecha de adquisición Fuente de adquisición Total de préstamos Signatura topográfica completa Código de barras Visto por última vez Precio de reemplazo Tipo de ítem Koha
        Biblioteca del Ateneo de Madrid Biblioteca del Ateneo de Madrid Sala Pardo Bazán 17/01/2008     B-11411 1117428 23/02/2023 23/02/2023 Libro impreso